000 00581nam a2200157 i 4500
001 45153
003 ES-MaACL
005 20230906161151.0
007 t|
008 030325q1910 sp ||||1| spa d
110 2 _aCírculo de la Unión Mercantil e Industrial (Madrid)
_92827
245 1 0 _aMemoria presentada por la Junta de Gobierno el día 30 de enero de 1910 /
_cCículo de la Unión Mercantil e Industrial de Madrid.
260 _a[S.l. :
_bs.n.,
_cs.a.]
610 2 4 _aCírculo de la Unión Mercantil e Industrial (Madrid)-
_vMemorias.
_9150706
852 _aES-MaACL
_jT-1220-F-1
999 _c45153
_d45153